[Event "FRA-chT1B 0607"]
[Site "France"]
[Date "2007.01.20"]
[Round "5.8"]
[White "Roa, Sam"]
[Black "Soubrier, Aude"]
[Result "0-1"]
[WhiteElo "1499"]
[BlackElo "1953"]
[PlyCount "36"]
[EventDate "2006.10.15"]
[EventType "team-tourn"]
[EventRounds "11"]
[EventCountry "FRA"]
[SourceTitle "EXT 2008"]
[Source "ChessBase"]
[SourceDate "2007.11.25"]
[SourceVersion "1"]
[SourceVersionDate "2007.11.25"]
[SourceQuality "1"]
[WhiteTeam "Reims"]
[BlackTeam "Lyon Olympique"]
[WhiteTeamCountry "FRA"]
[BlackTeamCountry "FRA"]

1. h4 e5 2. e4 Nc6 3. Na3 Nf6 4. b4 Bxb4 5. c3 Bc5 6. d4 exd4 7. Nb1 0-0 8. Be2 Nxe4 9. Nd2 Nxc3 10. Bb2 Nxd1 11. Kxd1 Re8 12. Rc1 Qe7 13. Ngf3 Qxe2+ 14. Kc2 Nb4+ 15. Kb1 Qd3+ 16. Rc2 Nxc2 17. Ba1 Na3+ 18. Kc1 Qc2# 0-1